Zvodič bleskového prúdu
Uložené v:
| Hlavný autor: | |
|---|---|
| Ďalší autori: | |
| Médium: | Rukopis Kniha |
| Jazyk: | Slovak |
| Vydavateľské údaje: |
2015
|
| Predmet: | |
| On-line prístup: | http://is.stuba.sk/zp/portal_zp.pl?podrobnosti=100434 |
| Tagy: |
Žiadne tagy, Buďte prvý, kto otaguje tento záznam!
|
MARC
| LEADER | 00000ntm a22000003a 4500 | ||
|---|---|---|---|
| 001 | stuzp49703 | ||
| 003 | SK-STU | ||
| 005 | 20160719153346.9 | ||
| 007 | ta | ||
| 008 | 150427s2015----xo-----f-mn---000-0-slo-d | ||
| 040 | |a STU |b slo | ||
| 041 | 0 | |a slo | |
| 100 | 1 | |a Križanová, Karin |u 032000 |4 aut |U FEI Fakulta elektrotechniky a informatiky |T FEI Ústav elektroenergetiky a aplikovanej elektrotechniky |X 57376 |U E020 |Y 548 |7 57376 | |
| 242 | 0 | 1 | |a Lightning Current Arresters |y eng |
| 245 | 1 | 0 | |a Zvodič bleskového prúdu |
| 260 | |c 2015 | ||
| 300 | |a 41 s. | ||
| 650 | 4 | |a prepäťová ochrana |2 slo | |
| 650 | 4 | |a iskrište |2 slo | |
| 650 | 4 | |a varistor |2 slo | |
| 650 | 4 | |a prepätie |2 slo | |
| 650 | 4 | |a lightning protection |2 eng | |
| 650 | 4 | |a spark gap |2 eng | |
| 650 | 4 | |a varistor |2 eng | |
| 650 | 4 | |a overvoltage |2 eng | |
| 700 | 1 | |a Jurčacko, Ľudovít |4 ths |X 2054 |7 A000002054 | |
| 856 | 4 | |u http://is.stuba.sk/zp/portal_zp.pl?podrobnosti=100434 | |
| 996 | |b 284ER01742 |c E*Bc- 1742 |l EE32 |s P |a 0 |w stuzp49703_0001 | ||
| SQL | |a stuzp49703 |b DBP |c SLO |d Zvodič bleskového prúdu |e 57376 |f Križanová, Karin |g 032000 |h 2054 |i Jurčacko, Ľudovít |j 20150708 |k 76 |l 03 |m http://is.stuba.sk/zp/portal_zp.pl?podrobnosti=100434 |n B-ELT |o 5.2.9. elektrotechnika | ||